000 00346nam a2200145Ia 4500
008 230917s9999||||xx |||||||||||||| ||und||
040 _e179501
_aMAIN
041 _aEnglish
082 _a657.48 V739F
100 _aVinayakam, N
245 0 _aFinancial accounting
260 _aNew Delhi
_bS Chand
_c2011
300 _axii, 764 p.
942 _cBK
999 _c156947
_d156947